=LDR 00000nam 2200000 4500 =001 000327 =005 20250711023456 =035 ##$$a 0010-0725000180 =007 ta =008 250711################a##########0#ind## =020 ##$$a 978-623-307-553-4 =082 ##$$a 398.209 598 =245 1#$$a Cucu Kakek Ingin Menggambar /$c All Children Reading Cambodia =250 ##$$a pertama =260 ##$$a Jakarta Timur :$b Badan Pengembangan dan Pembinaan Bahasa,$c 2022 =300 ##$$a 20 hlm. : $b ilus. ; $c 21,5cm =650 #4$$a cerita anak indonesia terjemahan =650 #4$$a literasi bahan bacaan =700 #$$a Sou Kimsan =110 ##$$a All Children Reading Cambodia =856 ##$$a TBM AS-SYUHADA =084 ##$$a 398.209 598 ALL c =990 ##$$a TBM202400028 =990 ##$$a TBM202400186